000 00587nam a22002057a 4500
001 195725
003 OSt
005 20240717102757.0
008 240717b |||||||| |||| 00| 0 POR d
020 _a8516000990
040 _aColégio Cândido Portinari
_bPortuguês
_cColégio Cândido Portinari
082 _a028.5
100 _aSegato, Carlos Augusto
_91922
245 _aA morte do conde/ Ilustrações de Eugênio Colonnese
260 _aSão Paulo: Moderna, 1987.
300 _a86p.
490 _aGirassol
650 0 _aLiteratura infantojuvenil
_91113
942 _2udc
_cBK
_n0
999 _c195725
_d195725